[Event "XVIII Najdorf Open 2018"]
[Site "Warsaw"]
[Date "2018.07.08"]
[Round "1"]
[White "Salem, AR Saleh"]
[Black "Hollan, Petr"]
[Result "1-0"]
[WhiteElo "2642"]
[BlackElo "2260"]
[Annotator "TA"]
[PlyCount "59"]
[EventDate "2018.07.08"]
[EventCountry "POL"]
[SourceTitle "playchess.com"]
[Source "ChessBase"]
[SourceQuality "1"]

{[%evp 18,59,23,4,43,26,45,36,27,29,49,48,81,91,134,109,115,131,143,125,127,111,109,51,61,72,381,346,507,513,782,785,29987,29988,29988,29989,29989,29990,29990,29991,29991,29992,29994,29995]} 1. d4 Nf6 2. c4 e6 3. Nf3 Bb4+ 4. Nbd2 O-O 5. a3 Be7 6. e4 d5 7. e5 Nfd7 8. Bd3 {E11: Damenindisch (Bogoljubow-Variante)} c5 9. O-O Nc6 10. Re1 {LiveBook: 23 Partien. Weiß hat minimalen Vorteil.} Nxd4 $146 ({Vorgänger:} 10... a5 11. Qc2 h6 12. Nb3 dxc4 13. Bxc4 cxd4 14. Qe4 a4 15. Bxh6 axb3 16. Bxg7 Kxg7 17. Qg4+ Kh8 18. Qh5+ Kg7 19. Qg4+ Kh8 20. Qh5+ Kg7 21. Qg4+ {½-½ (21) Vitiugov,N (2740)-Tomashevsky,E (2714) Sochi 2018}) 11. cxd5 exd5 12. Nxd4 cxd4 13. Nb3 {[%cal Bd2b3,Bb3d4,Bd4f5][%mdl 32]} Re8 14. Nxd4 Nf8 15. Be3 Ng6 16. Qh5 Bd7 17. Rad1 Qb6 18. b4 a5 19. Nf5 Qd8 20. Bb1 $40 {[%mdl 128] Schwarz muss sich nun genau verteidigen.} (20. Bd4 $16) 20... axb4 $14 21. Rxd5 bxa3 $2 {[%mdl 8192] [#]} (21... Qc8 $16 {ist eine bessere Chance.}) 22. e6 $1 $18 {[%cal Re6f7][%mdl 512]} Bxe6 (22... fxe6 {war nötig.} 23. Nh6+ gxh6 24. Bxg6 exd5 25. Qxh6 (25. Qxd5+ Be6 $16) 25... hxg6 26. Qxg6+ Kh8 27. Bd4+ Bf6 28. Bxf6+ {[#]} Qxf6 $1 {[%mdl 512]} 29. Qxf6+ Kg8) 23. Rxd8 Bxd8 {[#]} (23... Raxd8 $142 24. Nxe7+ Rxe7) 24. Nxg7 $1 {[%mdl 512]} Kxg7 25. Qh6+ {Weiß setzt Matt.} Kg8 26. Bd4 {[%csl Gd4][%cal Rh6g7]} f6 27. Bxg6 hxg6 28. Qxg6+ Kf8 29. Bc5+ Be7 30. Qxf6+ {Precision: Weiß = 83%, Schwarz = 20%.} 1-0

[Event "XVIII Najdorf Open 2018"]
[Site "Warsaw"]
[Date "2018.07.08"]
[Round "1"]
[White "Tomczak, Jacek"]
[Black "Al Huwar, Jasem"]
[Result "1-0"]
[WhiteElo "2600"]
[BlackElo "2259"]
[Annotator "ChessBase"]
[PlyCount "67"]
[EventDate "2018.07.08"]
[EventCountry "POL"]
[SourceTitle "playchess.com"]
[Source "ChessBase"]
[SourceQuality "1"]

1. e4 e6 2. d4 d5 3. Nc3 dxe4 4. Nxe4 Nd7 5. Nf3 Ngf6 6. Nxf6+ Nxf6 7. g3 c5 8. Bg2 cxd4 9. Qxd4 Qxd4 10. Nxd4 a6 11. Bf4 Be7 12. c4 O-O 13. O-O Nd7 14. Rfd1 Re8 15. Nb3 e5 16. Be3 Nf6 17. Na5 e4 18. c5 Bd8 19. Nc4 Bg4 20. Rd4 Re7 21. Nd6 Bf3 22. Bxf3 exf3 23. Rad1 Bc7 24. Nxb7 h5 25. Nd6 Ng4 26. Nc4 Rc8 27. b4 Re6 28. a4 Rb8 29. Rb1 Nf6 30. Nd2 Ng4 31. Rd7 Be5 32. Rd3 Rf6 33. Bg5 Rf5 34. Nxf3 1-0

[Event "XVIII Najdorf Open 2018"]
[Site "Warsaw"]
[Date "2018.07.08"]
[Round "1"]
[White "Bernadskiy, Vitaliy"]
[Black "Zochowski, Kacper"]
[Result "1-0"]
[WhiteElo "2586"]
[BlackElo "2250"]
[Annotator "RC"]
[PlyCount "83"]
[EventDate "2018.07.08"]
[EventCountry "POL"]
[SourceTitle "playchess.com"]
[Source "ChessBase"]
[SourceQuality "1"]

1. e4 e5 2. Nf3 Nc6 3. Bb5 a6 4. Ba4 Nf6 5. O-O b5 6. Bb3 Be7 7. a4 Bb7 8. d3 O-O 9. Nc3 b4 10. Nd5 d6 11. Nxe7+ Nxe7 12. Bg5 Nd7 13. Nh4 Kh8 14. a5 Nc5 15. Bc4 Bc8 16. Be3 Ne6 17. Nf3 c5 18. c3 bxc3 19. bxc3 Qc7 20. Qb3 Nc6 21. Qb6 Rb8 22. Qxc7 Nxc7 23. Nd2 f6 24. f4 Re8 25. Bf7 Re7 26. Bd5 Nxd5 27. exd5 exf4 28. Bxf4 Ne5 29. Rae1 g5 30. Bxe5 Rxe5 31. Rxe5 fxe5 32. Ne4 Bg4 33. Nxd6 Be2 34. Re1 Bxd3 35. Nf7+ Kg7 36. Nxe5 Bf5 37. g4 Bc2 38. Nc6 Rb7 39. Nd8 Rd7 40. Ne6+ Kf6 41. c4 Re7 42. Rc1 1-0

[Event "XVIII Najdorf Open 2018"]
[Site "Warsaw"]
[Date "2018.07.08"]
[Round "1"]
[White "Sengupta, Deep"]
[Black "Chomczyk, Marek"]
[Result "1-0"]
[WhiteElo "2565"]
[BlackElo "2247"]
[Annotator "ChessBase"]
[PlyCount "71"]
[EventDate "2018.07.08"]
[EventCountry "POL"]
[SourceTitle "playchess.com"]
[Source "ChessBase"]
[SourceQuality "1"]

1. e4 e5 2. Nf3 Nc6 3. Bb5 Nf6 4. d3 Bc5 5. Bxc6 dxc6 6. Qe2 Qe7 7. h3 Nd7 8. Nbd2 Nf8 9. Nb3 Bb6 10. a4 a5 11. Be3 Ng6 12. Bxb6 Qb4+ 13. Qd2 Qxb6 14. Qc3 f6 15. Nfd2 Nf4 16. Kf1 Be6 17. Nc5 Bf7 18. g3 Ne6 19. Ndb3 Nxc5 20. Nxc5 O-O-O 21. Kg2 g5 22. h4 h6 23. Qa3 f5 24. hxg5 hxg5 25. Rxh8 Rxh8 26. Qc3 Re8 27. exf5 Bd5+ 28. Ne4 g4 29. Rh1 Qd4 30. Qxd4 exd4 31. f3 c5 32. b3 Re5 33. Rh5 c6 34. Kf2 b5 35. f4 Re7 36. f6 1-0

[Event "XVIII Najdorf Open 2018"]
[Site "Warsaw"]
[Date "2018.07.08"]
[Round "1"]
[White "Markowski, Tomasz"]
[Black "Dubinski, Mateusz"]
[Result "0-1"]
[WhiteElo "2561"]
[BlackElo "2245"]
[Annotator "ChessBase"]
[PlyCount "114"]
[EventDate "2018.07.08"]
[EventCountry "POL"]
[SourceTitle "playchess.com"]
[Source "ChessBase"]
[SourceQuality "1"]

1. d4 d5 2. Nf3 Nf6 3. c3 e6 4. Bf4 Be7 5. h3 O-O 6. e3 b6 7. Be2 c5 8. O-O Nc6 9. Nbd2 Bb7 10. a4 cxd4 11. exd4 Bd6 12. Bxd6 Qxd6 13. Re1 Ne4 14. Bd3 f5 15. Bb5 Ne7 16. Ne5 Rf6 17. f3 Ng3 18. Nf1 Nh5 19. Qd2 a6 20. Bd3 Raf8 21. Qg5 Rh6 22. Re2 Nf6 23. Rae1 Ng6 24. Kh1 Qc7 25. Nxg6 Rxg6 26. Qh4 Ne4 27. Rd1 Rh6 28. Qe1 Rff6 29. fxe4 dxe4 30. Bxe4 Bxe4 31. Rxe4 fxe4 32. Qxe4 Qf4 33. Qxf4 Rxf4 34. Ne3 Re4 35. Rd3 Rf6 36. Kh2 h5 37. Nc4 Re2 38. Rg3 b5 39. axb5 axb5 40. Nd6 Rxb2 41. Rg5 b4 42. cxb4 Rxb4 43. Ne8 Rf7 44. Nd6 Rd7 45. Ne4 Rdxd4 46. Nf6+ Kf8 47. Nxh5 Rd5 48. Nxg7 Kf7 49. Rg3 Rb8 50. Nxe6 Kxe6 51. Re3+ Re5 52. Rf3 Rb2 53. h4 Ree2 54. Rg3 Re4 55. Kh3 Rbb4 56. Rg6+ Kf7 57. Rh6 Rb3+ 0-1

[Event "XVIII Najdorf Open 2018"]
[Site "Warsaw"]
[Date "2018.07.08"]
[Round "1"]
[White "Rozentalis, Eduardas"]
[Black "Sowul, Bartosz"]
[Result "1/2-1/2"]
[WhiteElo "2513"]
[BlackElo "2242"]
[Annotator "ChessBase"]
[PlyCount "57"]
[EventDate "2018.07.08"]
[EventCountry "POL"]
[SourceTitle "playchess.com"]
[Source "ChessBase"]
[SourceQuality "1"]

1. e4 c5 2. Nf3 g6 3. d4 cxd4 4. Qxd4 Nf6 5. Nc3 Nc6 6. Qa4 d6 7. e5 dxe5 8. Nxe5 Bd7 9. Nxd7 Nxd7 10. Bb5 Bg7 11. O-O O-O 12. Bxc6 bxc6 13. Qxc6 Rc8 14. Qe4 Bxc3 15. bxc3 Nf6 16. Qh4 Qd5 17. Bh6 Rc4 18. Qh3 Rfc8 19. Rab1 Qc6 20. Rb3 Ne4 21. Qe3 Qf6 22. Qd3 Nd6 23. Qd2 Nf5 24. Bg5 Qc6 25. h3 Rxc3 26. Rxc3 Qxc3 27. Qxc3 Rxc3 28. g4 f6 29. gxf5 1/2-1/2

[Event "XVIII Najdorf Open 2018"]
[Site "Warsaw"]
[Date "2018.07.08"]
[Round "1"]
[White "Klekowski, Maciej"]
[Black "Polatel, Ali"]
[Result "1/2-1/2"]
[WhiteElo "2511"]
[BlackElo "2238"]
[Annotator "ChessBase"]
[PlyCount "80"]
[EventDate "2018.07.08"]
[EventCountry "POL"]
[SourceTitle "playchess.com"]
[Source "ChessBase"]
[SourceQuality "1"]

1. c4 c6 2. Nf3 d5 3. e3 Nf6 4. Nc3 Bg4 5. cxd5 Bxf3 6. gxf3 cxd5 7. d4 Nc6 8. Bd2 e6 9. Rc1 Bd6 10. f4 O-O 11. Bd3 Rc8 12. a3 g6 13. O-O Nh5 14. Kh1 Qh4 15. Rg1 Kh8 16. Qf3 Qf6 17. b4 Ng7 18. Na4 Rc7 19. b5 Nb8 20. Rxc7 Bxc7 21. Bb4 Rd8 22. Rc1 Ne8 23. Nc5 b6 24. Na6 Nxa6 25. bxa6 Bd6 26. Bxd6 Nxd6 27. Rc7 Rc8 28. Rxa7 Rc3 29. Qd1 Rxa3 30. Rd7 Nc4 31. a7 Kg7 32. Bxc4 dxc4 33. Qf3 Ra1+ 34. Kg2 Qf5 35. Rc7 Qd5 36. e4 Qxd4 37. f5 exf5 38. exf5 gxf5 39. a8=Q Rxa8 40. Qxa8 Qg4+ 1/2-1/2

[Event "XVIII Najdorf Open 2018"]
[Site "Warsaw"]
[Date "2018.07.08"]
[Round "1"]
[White "Thybo, Jesper Sondergaard"]
[Black "Daniel, Sanz Wawer"]
[Result "0-1"]
[WhiteElo "2497"]
[BlackElo "2233"]
[Annotator "ChessBase"]
[PlyCount "104"]
[EventDate "2018.07.08"]
[EventCountry "POL"]
[SourceTitle "playchess.com"]
[Source "ChessBase"]
[SourceQuality "1"]

1. d4 d5 2. c4 c6 3. Nf3 Nf6 4. Qc2 g6 5. Bf4 Bf5 6. Qb3 Qb6 7. e3 Nbd7 8. h3 Bg7 9. c5 Qxb3 10. axb3 O-O 11. b4 Bxb1 12. Rxb1 a6 13. Bh2 Ne4 14. h4 Rfe8 15. Ne5 Nef6 16. Nd3 Ng4 17. Bg1 e5 18. Be2 h5 19. f3 Nh6 20. dxe5 Nxe5 21. Nxe5 Bxe5 22. Kd2 Nf5 23. Bd3 a5 24. bxa5 Rxa5 25. Bf2 Rxc5 26. f4 Bf6 27. e4 dxe4 28. Bxc5 Rd8 29. Bf2 Rxd3+ 30. Kc2 Bd4 31. Rbf1 Ng3 32. Bxg3 Rxg3 33. Rh2 f5 34. Rd1 c5 35. Ra1 c4 36. Ra3 e3 37. Kd1 Bxb2 38. Ra8+ Kf7 39. Rb8 Ke6 40. Rxb7 Bd4 41. Rb5 Kd6 42. Ra5 c3 43. Ra2 Kc5 44. Ke2 Kb4 45. Kd3 e2+ 46. Kxe2 Kb3 47. Ra8 Re3+ 48. Kd1 c2+ 49. Kd2 Bc3+ 50. Kxe3 c1=Q+ 51. Kf3 Qd1+ 52. Kg3 Qd3+ 0-1

[Event "XVIII Najdorf Open 2018"]
[Site "Warsaw"]
[Date "2018.07.08"]
[Round "1"]
[White "Socko, Monika"]
[Black "Balasubramaniam, H."]
[Result "1/2-1/2"]
[WhiteElo "2458"]
[BlackElo "2219"]
[Annotator "ChessBase"]
[PlyCount "85"]
[EventDate "2018.07.08"]
[EventCountry "POL"]
[SourceTitle "playchess.com"]
[Source "ChessBase"]
[SourceQuality "1"]

1. d4 Nf6 2. c4 e6 3. Nf3 c5 4. d5 exd5 5. cxd5 d6 6. Nc3 g6 7. g3 Bg7 8. Bg2 O-O 9. O-O a6 10. a4 Nbd7 11. Re1 Rb8 12. a5 b5 13. axb6 Nxb6 14. e4 Re8 15. e5 Nh5 16. exd6 Rxe1+ 17. Nxe1 Nc4 18. Nd3 Nxb2 19. Bxb2 c4 20. Ne4 cxd3 21. Bxg7 Nxg7 22. Qxd3 f5 23. Nd2 Ne8 24. Nc4 Nxd6 25. Ne5 Rb2 26. Nc4 Rb5 27. Re1 Ne4 28. Bxe4 fxe4 29. Qxe4 Bf5 30. Qe3 Rxd5 31. Ne5 Qd6 32. h4 Qc5 33. Qb3 Qb5 34. Qc3 Qa5 35. Qxa5 Rxa5 36. g4 Bc2 37. f4 Ra4 38. Rc1 Bb3 39. Rc8+ Kg7 40. Rc7+ Kg8 41. Rc8+ Kg7 42. Rc7+ Kg8 43. Rc8+ 1/2-1/2

[Event "XVIII Najdorf Open 2018"]
[Site "Warsaw"]
[Date "2018.07.08"]
[Round "1"]
[White "Das, Arghyadip"]
[Black "Adamski, Jan"]
[Result "1-0"]
[WhiteElo "2435"]
[BlackElo "2217"]
[Annotator "TA"]
[PlyCount "119"]
[EventDate "2018.07.08"]
[EventCountry "POL"]
[SourceTitle "playchess.com"]
[Source "ChessBase"]
[SourceQuality "1"]

{[%evp 28,119,-18,-14,0,-6,0,3,2,0,0,-8,5,6,12,4,6,5,14,0,35,15,74,75,90,72,80,95,86,94,83,87,243,236,216,107,329,331,230,162,151,147,155,80,122,17,212,185,191,178,178,169,310,304,502,494,736,730,538,583,1688,1498,1945,1725,1298,799,1734,1645,1637,1185,1332,1265,1879,1637,1306,4148,2481,758,2395,0,5522,6095,6037,5281,5077,4527,5089,5065,5069,2635,4837,4125,4116,7869]} 1. e4 c5 2. Nc3 e6 3. Nf3 a6 4. d4 cxd4 5. Nxd4 Qc7 6. Bd3 Nf6 7. f4 d6 8. a4 b6 9. Qe2 Nbd7 {[%cal Bb8d7,Bd7c5,Bc5d3][%mdl 32]} 10. O-O Bb7 11. Kh1 Be7 12. Bd2 {B82: Sicilian Scheveningen: 6 f4} O-O 13. Rae1 Nc5 14. b4 Nxd3 15. cxd3 {[#] LiveBook: 8 Games} Nd7 $146 ({Predecessor:} 15... Rfe8 16. Rc1 Qd7 17. Nb3 Rac8 18. Qf2 Qd8 19. Rc2 {½-½ (19) Zinchenko,Y (2528)-David,A (2599) Livigno 2012}) 16. Rc1 Qd8 $1 17. Be3 Rc8 18. Qb2 Bf6 19. Qb3 Bxd4 20. Bxd4 e5 21. Be3 exf4 22. Bxf4 Qe7 23. Kg1 Kh8 24. Bg3 f5 {[#]} (24... Kg8 $11) 25. Rce1 $1 $16 fxe4 {White must now prevent ...Rxf1+.} 26. Rxf8+ Rxf8 27. Nxe4 Bxe4 28. Rxe4 Qf6 {[%csl Gf8][%cal Rf6f1]} 29. h3 {[#]} Ne5 $2 (29... d5 $1 $16 {[%mdl 512] keeps fighting.} 30. Rf4 (30. Qxd5 Qf1+ 31. Kh2 Nf6 $11) 30... Qa1+ 31. Kh2 Rxf4 32. Bxf4 Qd4) 30. Rf4 $18 Qe7 31. Qd5 (31. Rxf8+ $18 {has better winning chances.} Qxf8 32. Qd5) 31... h6 $2 (31... Rxf4 $16 32. Bxf4 h6) 32. Rxf8+ Qxf8 33. b5 axb5 34. axb5 Qe7 35. Qe4 (35. Qa8+ $142 Kh7 36. Qe4+ Ng6 37. Qf5) 35... Qc7 36. d4 (36. Qa8+ $16 Kh7 37. Qd5) 36... Nf7 $2 (36... Qc1+ $11 {and Black stays safe.} 37. Kh2 Nc4) 37. Kh2 Kg8 38. Qc6 Qd8 39. d5 Kf8 (39... Kh7 {is a better defense.} 40. Bf2 Qf6 41. Qxb6 Qb2) 40. Bf2 Ne5 $2 (40... h5 41. Bxb6 (41. Qxb6 Qxb6 42. Bxb6 Ke7 $18) 41... Qf6 42. Qc8+ Ke7) 41. Qxb6 Qxb6 (41... Ke8 $142 42. Qa7 Nd7) 42. Bxb6 {[%mdl 4096] Endgame KB-KN} Nc4 43. Bd4 h5 44. Kg3 g6 45. Kf4 Ke7 46. Ke4 Kd7 47. Kd3 Na5 48. b6 Kc8 49. Ke4 Kd7 50. Kf4 Ke7 51. Bc3 (51. Kg5 $142 Kf7 52. Bb2) 51... Nb7 52. Bb4 (52. Kg5 $142 Kf7 53. Bf6) 52... Kf7 53. Bc3 $2 (53. Kg5 $18 {Ba3 is the strong threat.} Kg7 54. Be1) 53... Nc5 $2 {[%mdl 8192]} (53... Ke7 $11 54. Kg5 Kf7) 54. Bd4 {Intending Bxc5 and mate.White is clearly winning.} Nb7 55. Ke4 Ke7 56. Kd3 Kd7 57. Kc4 Nd8 58. Kb5 Nb7 59. Ka6 Kc8 60. Ka7 {Precision: White = 66%, Black = 26%.} 1-0

[Event "XVIII Najdorf Open 2018"]
[Site "Warsaw"]
[Date "2018.07.08"]
[Round "1"]
[White "Sieciechowicz, Marcin"]
[Black "Zherebtsova, Alexandra"]
[Result "1-0"]
[WhiteElo "2410"]
[BlackElo "2215"]
[Annotator "NA"]
[PlyCount "57"]
[EventDate "2018.07.08"]
[EventCountry "POL"]
[SourceTitle "playchess.com"]
[Source "ChessBase"]
[SourceQuality "1"]

1. d4 Nf6 2. c4 c6 3. Nc3 d5 4. Nf3 e6 5. Bg5 h6 6. Bh4 g5 7. Bg3 dxc4 8. e3 {D43: Semi-Slav: 5 Bg5 h6} (8. a4 Bb4 9. e3 b5 10. Ne5 h5 11. h4 Ne4 12. Qf3 f5 13. hxg5 Qxg5 14. Bf4 Qg7 15. Rxh5 Bb7 {1-0 (33) Neto,H (2617)-Turgut,T (2618) ICCF email 2013}) 8... b5 9. Be2 Bb7 10. Ne5 Nbd7 11. h4 gxh4 $146 ({Predecessor:} 11... g4 12. Nxg4 Nxg4 13. Bxg4 Nf6 14. Bf3 Qd7 15. O-O {1-0 (24) Ress,T (2303)-Trajber,D (2110) Kisber 2011}) 12. Bxh4 Bg7 13. Qc2 Qb6 14. Nxd7 Kxd7 15. b3 cxb3 16. Qxb3 Rhc8 17. Bxf6 Bxf6 18. Rxh6 Be7 19. Bg4 Re8 $18 (19... Kc7 $142) 20. Rxe6 Kd8 21. Rh6 Qa5 22. Kf1 b4 23. Qxf7 Ba6+ 24. Ne2 Qg5 25. Qf5 Qxf5 26. Bxf5 Bb5 27. Be4 Kc7 28. Bxc6 Bxc6 29. Rc1 1-0

[Event "XVIII Najdorf Open 2018"]
[Site "Warsaw"]
[Date "2018.07.08"]
[Round "1"]
[White "Percivaldi, Martin"]
[Black "Mulet, Piotr"]
[Result "1/2-1/2"]
[WhiteElo "2393"]
[BlackElo "2202"]
[Annotator "ChessBase"]
[PlyCount "125"]
[EventDate "2018.07.08"]
[EventCountry "POL"]
[SourceTitle "playchess.com"]
[Source "ChessBase"]
[SourceQuality "1"]

1. b3 e5 2. Bb2 d6 3. e3 Nf6 4. c4 Be7 5. d3 O-O 6. Nf3 c5 7. Be2 Nc6 8. O-O a6 9. Re1 Rb8 10. Nbd2 h6 11. Nf1 Re8 12. Ng3 Bf8 13. d4 cxd4 14. exd4 e4 15. Nd2 d5 16. cxd5 Nb4 17. a3 Nbxd5 18. f3 Ne3 19. Qb1 exf3 20. Bxf3 Bg4 21. Qd3 Bxf3 22. Nxf3 Nfd5 23. Qd2 Bd6 24. Nf1 Bf4 25. Qd3 Qf6 26. Nxe3 Bxe3+ 27. Kh1 Rbc8 28. Ne5 Qf2 29. Qe4 Rcd8 30. Rab1 f5 31. Qf3 Qxf3 32. Nxf3 Rc8 33. Ne5 Rc2 34. Nc4 f4 35. Ba1 b5 36. Ne5 Rec8 37. Nd3 a5 38. Nc5 b4 39. axb4 axb4 40. Rb2 Bf2 41. Rf1 Rxb2 42. Bxb2 Re8 43. Nd3 Be3 44. g3 Bd2 45. gxf4 Re3 46. Nc5 Re2 47. Bc1 Bc3 48. Rd1 Kf7 49. Nd3 Kf6 50. Ne5 Kf5 51. Nc4 Ke6 52. Kg1 h5 53. h3 h4 54. Kf1 Rh2 55. Kg1 Rxh3 56. Kg2 Rg3+ 57. Kf2 Kf5 58. Nd6+ Kg4 59. Nc4 Rf3+ 60. Ke2 Nxf4+ 61. Bxf4 Kxf4 62. d5 Rh3 63. d6 {Ke5} 1/2-1/2

[Event "XVIII Najdorf Open 2018"]
[Site "Warsaw"]
[Date "2018.07.08"]
[Round "1"]
[White "Krysztofiak, Marcin"]
[Black "Sliwicki, Damian"]
[Result "0-1"]
[WhiteElo "2384"]
[BlackElo "2193"]
[Annotator "ChessBase"]
[PlyCount "131"]
[EventDate "2018.07.08"]
[EventCountry "POL"]
[SourceTitle "playchess.com"]
[Source "ChessBase"]
[SourceQuality "1"]

1. Nf3 d5 2. g3 c5 3. Bg2 Nc6 4. d4 e6 5. O-O Nf6 6. c4 Be7 7. cxd5 exd5 8. Nc3 O-O 9. dxc5 Bxc5 10. Na4 Be7 11. Be3 Re8 12. Rc1 Bg4 13. Bc5 Rc8 14. Re1 b5 15. Bxe7 Qxe7 16. Nc3 Bxf3 17. Bxf3 Ne5 18. Bg2 Qb4 19. Qb3 Qxb3 20. axb3 d4 21. Nxb5 Rxc1 22. Rxc1 d3 23. Nd6 Rd8 24. Nb7 dxe2 25. Nxd8 Nd3 26. Ra1 Nd7 27. Be4 N7c5 28. Bxd3 Nxd3 29. Nc6 Kf8 30. Nxa7 Ke7 31. Nc6+ Kd6 32. Nd4 e1=Q+ 33. Rxe1 Nxe1 34. Kf1 Nd3 35. Ke2 Nc5 36. Nf5+ Ke5 37. Nxg7 Nxb3 38. Nh5 Nc5 39. b4 Ne4 40. Ke3 f5 41. Nf4 h6 42. f3 Ng5 43. h4 Nf7 44. Nd3+ Kd5 45. Kf4 Kd4 46. Nc5 Ne5 47. Ne6+ Kd5 48. Ng7 Nc6 49. Nxf5 Nxb4 50. Nxh6 Ke6 51. Kg5 Nd3 52. f4 Nf2 53. f5+ Ke7 54. Kg6 Kf8 55. g4 Nd3 56. f6 Ne5+ 57. Kf5 Nf3 58. h5 Nd4+ 59. Ke5 Nc6+ 60. Kd5 Nb8 61. g5 Nd7 62. Ke6 Nc5+ 63. Kf5 Nb7 64. g6 Nd6+ 65. Kf4 Ne8 66. Ke5 0-1

[Event "XVIII Najdorf Open 2018"]
[Site "Warsaw"]
[Date "2018.07.08"]
[Round "1"]
[White "Zylka, Stanislaw"]
[Black "Priyanka, Nutakki"]
[Result "1-0"]
[WhiteElo "2380"]
[BlackElo "2180"]
[Annotator "ChessBase"]
[PlyCount "138"]
[EventDate "2018.07.08"]
[EventCountry "POL"]
[SourceTitle "playchess.com"]
[Source "ChessBase"]
[SourceQuality "1"]

1. d4 Nf6 2. c4 e6 3. Nf3 b6 4. g3 Ba6 5. b3 d5 6. Bg2 Be7 7. O-O O-O 8. Qc2 Bb7 9. Ne5 Nbd7 10. Bb2 c5 11. dxc5 Nxe5 12. Bxe5 Bxc5 13. Qb2 Bd6 14. Bxf6 Qxf6 15. Qxf6 gxf6 16. a4 Rad8 17. a5 Be5 18. Ra2 Ba8 19. axb6 axb6 20. Rd1 d4 21. Rad2 Rc8 22. Na3 Bxg2 23. Kxg2 Ra8 24. Nb5 f5 25. Nxd4 Ra3 26. Nc6 Bf6 27. Rb1 Rc8 28. Rd6 Rc7 29. Nb4 Rb7 30. Nd5 Bd4 31. Ne7+ Rxe7 32. Rxd4 Rc7 33. Rd8+ Kg7 34. Rb8 Rc6 35. Rb2 Kf6 36. Rb7 Kg6 37. f4 Kf6 38. Rd2 Ra8 39. Rdd7 Rf8 40. Kf3 Kg7 41. h3 h5 42. g4 hxg4+ 43. hxg4 fxg4+ 44. Kxg4 Kf6 45. e4 e5 46. f5 Rg8+ 47. Kf3 Rg7 48. Rbc7 Rxc7 49. Rxc7 Rh7 50. Rc6+ Kg5 51. Rxb6 Rh3+ 52. Kg2 Rc3 53. Kf2 Kf4 54. Ke2 Kxe4 55. Kd2 Rh3 56. f6 Rh6 57. b4 Kf3 58. Rb7 Rxf6 59. Re7 Rd6+ 60. Kc2 Ke4 61. c5 Rh6 62. b5 f5 63. c6 f4 64. c7 Rh2+ 65. Kb3 Rh3+ 66. Kb4 Rh8 67. b6 f3 68. b7 f2 69. Rf7 Kd5 1-0

[Event "XVIII Najdorf Open 2018"]
[Site "Warsaw"]
[Date "2018.07.08"]
[Round "1"]
[White "Karpus, Michal"]
[Black "Kubicka, Anna"]
[Result "0-1"]
[WhiteElo "2364"]
[BlackElo "2172"]
[Annotator "NA"]
[PlyCount "72"]
[EventDate "2018.07.08"]
[EventCountry "POL"]
[SourceTitle "playchess.com"]
[Source "ChessBase"]
[SourceQuality "1"]

1. e4 c5 2. Nf3 d6 3. d4 cxd4 4. Nxd4 Nf6 5. Nc3 a6 6. Be3 e5 7. Nb3 Be7 8. f3 Be6 9. Qd2 O-O 10. O-O-O Nbd7 11. Kb1 b5 12. g4 {B90: Sicilian Najdorf: Unusual White 6th moves, 6 Be3 Ng4 and 6 Be3 e5} (12. Bd3 Nb6 13. Qf2 Nc4 14. Bxc4 bxc4 15. Nc5 Qc7 16. Nxe6 fxe6 17. Qg3 Rab8 18. Qh3 Kf7 19. f4 Qa5 {1-0 (36) McShane,L (2615)-Chuchelov,V (2598) Germany 2010 CBM 136 [Meyer,CD]}) 12... b4 13. Nd5 Bxd5 14. exd5 Nb6 15. Na5 Nbxd5 16. Nc6 Qc7 17. Nxe7+ Qxe7 18. Bf2 Qb7 19. Ka1 Nf4 20. Be2 $146 Rac8 21. Bh4 N6d5 22. Rhe1 Nxe2 23. Rxe2 Rc5 $17 24. Bf2 Ra5 25. Re4 Qc6 26. Qd3 Rc8 27. Kb1 g6 28. h4 Qb7 29. Qb3 Rb5 30. Qd3 Nc3+ 31. bxc3 bxc3+ 32. Ka1 Rb2 33. Ra4 Rb8 34. Qf1 Rxc2 35. Rb1 Rb2 36. Rc1 c2 0-1

[Event "XVIII Najdorf Open 2018"]
[Site "Warsaw"]
[Date "2018.07.08"]
[Round "1"]
[White "Lewtak, Damian"]
[Black "Smirnova, Ekaterina"]
[Result "1-0"]
[WhiteElo "2358"]
[BlackElo "2153"]
[Annotator "TA"]
[PlyCount "161"]
[EventDate "2018.07.08"]
[EventCountry "POL"]
[SourceTitle "playchess.com"]
[Source "ChessBase"]
[SourceQuality "1"]

{[%evp 11,161,0,16,8,14,0,0,0,0,-9,0,-8,9,0,25,-18,-16,-17,-15,-16,-14,-12,36,19,33,22,29,20,19,0,202,201,217,221,224,115,125,72,86,92,85,86,97,68,68,41,41,41,52,48,109,0,0,0,0,0,0,0,0,-31,0,0,0,0,0,0,0,0,16,0,0,0,0,0,0,0,25,0,0,0,0,0,0,0,0,0,0,0,0,0,0,0,0,0,0,0,0,0,19,19,37,0,0,0,0,0,0,0,49,0,309,301,353,353,353,353,353,353,353,358,325,325,325,325,500,453,1071,968,1290,937,806,660,683,622,1047,901,1294,1263,1520,1668,1577,1579,1203,1060,1819,1310,29983,29980,29988,29989,29992,29993]} 1. Nf3 Nf6 2. d4 d5 3. Bf4 c6 4. Nbd2 Bf5 5. e3 e6 6. Ne5 h6 {LiveBook: 6 Partien. D02: Damenbauernspiele} 7. Bd3 (7. g4 Bh7 8. h4 Nfd7 9. Bd3 Nxe5 10. Bxe5 {½-½ (10) Slobodjan,R (2525)-Golod,V (2597) Dresden 2007}) 7... Bxd3 8. cxd3 Nbd7 {Die Stellung ist ausgeglichen.} 9. O-O Be7 10. Qe2 $146 ({Vorgänger:} 10. h3 O-O 11. Qb3 Qb6 12. Rfc1 Nxe5 13. Bxe5 Nd7 14. Bg3 {1-0 (34) Bayramov,V (2281)-Arutinian,D (2396) Batumi 2001}) 10... O-O 11. g4 Nh7 12. Kh1 Qe8 13. e4 f6 14. Nef3 {[%cal Be5f3,Bf3h4,Bh4f5][%mdl 32]} Qf7 15. exd5 exd5 16. Nh4 Rae8 17. Nf5 Bd6 18. Qf3 Bxf4 19. Qxf4 {Schwarz muss nun Sd6 beachten.} Re2 20. Nf3 Ng5 $2 {[#]} ({Ein No Go ist} 20... Rxb2 $6 21. Rfe1 $16) (20... Nb6 $11) 21. Ng1 $1 $18 {[%cal Rg1e2]} Re6 ({Viel schlechter ist} 21... Rxb2 $6 22. Rae1 $11) 22. h4 Nh7 23. Rae1 (23. Qg3 $18) 23... Nb6 $16 24. Nf3 (24. Nh3 $142) 24... Nc8 25. Rxe6 Qxe6 26. Re1 Qd7 27. h5 Ng5 28. N3h4 {Droht stark Sg6.} Ne6 29. Qg3 Re8 30. Ng6 Nc7 (30... Kf7 $14) 31. Rg1 (31. Rxe8+ $16 Nxe8 32. Qb8) 31... Nb5 $11 32. a4 Nbd6 33. Ne3 Qd8 34. Nh4 Qb6 35. Nhf5 Qd8 36. Qf4 Qd7 37. b4 a6 38. a5 Kh7 39. Nh4 Qf7 40. Ng6 Qe6 41. Re1 Qf7 42. Rg1 Qe6 43. Nh4 Qf7 44. Re1 Qd7 45. Kg1 {[%cal Bh1g1,Bg1f1,Bf1g2][%mdl 32]} Qf7 46. Kf1 Qd7 47. Re2 Nb5 48. Ng6 Qe6 49. Kg2 Ncd6 (49... Ne7 {is more complex.} 50. Nh4 Kg8 51. Re1 Kf7 52. Nc2 Qd6) 50. Re1 Qf7 51. Rh1 Kg8 52. Rh3 {[%cal Bh1h3,Bh3g3,Bg3e3][%mdl 32]} Qe6 53. Rg3 Kh7 54. Nf1 Qf7 55. Re3 Kg8 56. Ng3 Qd7 57. Nf5 Nxf5 58. gxf5 Rxe3 59. fxe3 {[%cal Bf2e3,Be3e4][%mdl 32] jetzt Db8+ und aus.} Qd6 (59... Qd8 {with more complications.} 60. Kf3 Nd6 61. Kg4 Qd7 62. Qf2 Qe8) 60. Kf3 (60. Qxd6 {is interesting.} Nxd6 61. Nh4 Kf7 62. Kf3 Ke7 63. Kg4) 60... Qxf4+ $4 {[%mdl 8192]} (60... Qd8 $1 $11 {und Schwarz steht sicher.}) 61. Nxf4 {[%mdl 4096] Endspiel KS-KS} Nc3 62. Ne6 Nb5 63. Nc5 Nd6 64. e4 Kf7 65. Kf4 Ke7 66. e5 Nb5 67. Nxb7 Nxd4 (67... Ke8 $142 68. Nc5 Nc7) 68. Nc5 $18 fxe5+ (68... Ne2+ $142 69. Kg4 fxe5) 69. Kxe5 Nf3+ 70. Kf4 Ne1 71. Nxa6 Nxd3+ 72. Ke3 Nb2 73. Nc5 Nc4+ 74. Kf4 Kf6 75. a6 Nb6 76. Ne6 Nc8 77. Nd4 Na7 {[#]} 78. Nxc6 $1 {[%mdl 512]} Nxc6 79. b5 {[%cal Bb4b5,Bb5b6,Bb6b7][%mdl 32] Weiß setzt Matt.} Na7 80. b6 Nc8 81. b7 {Precision: Weiß = 74%, Schwarz = 45%.} 1-0